|
|
|
|
| LEADER |
00000nab a2200000 a 4500 |
| 001 |
vtls000773185 |
| 003 |
SK-MaSNL |
| 005 |
20260304105518.0 |
| 008 |
250429c2001 xo 0 slo |
| 015 |
|
|
|a SNBRB2001/11-31430
|
| 035 |
|
|
|a CLN000124972
|
| 035 |
|
|
|a urn:nbn:sk:snk-aber27
|
| 035 |
|
|
|a (urnnbn)urn:nbn:sk:snk:ar-006z0h
|
| 035 |
|
|
|a (uuid)21f728a5-4b57-4489-a6b4-eb96494e42b3
|
| 040 |
|
|
|a SNKBUCL
|b slo
|c SNKBUCL
|e AACR2
|
| 041 |
0 |
|
|a slo
|
| 044 |
|
|
|a xo
|c SK
|
| 080 |
|
|
|a 639.211(437.6):502.743
|2 1997
|
| 080 |
|
|
|a 502.743(437.6)
|2 1997
|
| 100 |
1 |
|
|a Zontág, Miroslav
|4 aut
|9 794476
|
| 245 |
1 |
0 |
|a Hlavátka v našich rukách
|b svoj rok 2000 prežila - čo však ďalej
|c Miroslav Zontág
|
| 300 |
|
|
|b Fotogr.
|
| 650 |
0 |
7 |
|a hlavátka podunajská
|x ochrana
|z Slovensko
|2 snkbucl
|9 1406935
|
| 655 |
|
7 |
|a články z novín a časopisov
|2 snkbucl
|9 267496
|
| 773 |
0 |
|
|t Poľovníctvo a rybárstvo
|g Roč. 53, č. 7 (2001), s. 32-33
|x 0231-8768
|
| 850 |
|
|
|a Slovenská národná knižnica
|
| 852 |
|
|
|a Slovenská národná knižnica
|
| 958 |
|
|
|a article27
|
| 958 |
|
|
|a OND
|
| 958 |
|
|
|a SK
|
| 992 |
|
|
|a RBX
|
| 999 |
|
|
|c 2855950
|d 2857880
|